000 00577nam a2200181 u 4500
001 000402802
003 AM-YeHGA
005 20250617132531.0
008 050114s1895 ||| r 000 0 rus d
040 _aAM-YeHGA
041 0 _arus
100 1 _aТихомиров, Лев
245 1 0 _aКонституционалисты в эпоху 1881 /
_cЛев Тихомиров.
250 _a3-е пересмотр. изд.
260 _aМосква :
_bУниверситет.типогр., Страстн. бульвар,
_c1895.
300 _a109 с.
090 _c154151
999 _c152755
_d152755